Les villes les plus peuplées de France commençant par P - Statistiques

Statistiques générales
  • Ce quiz a été pris 95 fois
  • Le résultat moyen est 7 sur 15
Statistiques - réponses
Départements Population Villes % Correct
Paris 2 165 000 Paris
100%
Pyrénées Orientales 119 000 Perpignan
93%
Pyrénées Atlantiques 76 000 Pau
88%
Haute Vienne 89 000 Poitiers
78%
Gironde 65 000 Pessac
52%
Seine Saint Denis 60 000 Pantin
42%
Yvelines 39 000 Poissy
41%
La Réunion (Le) 33 000 Le Port
34%
Hauts de Seine 45 000 Puteaux
34%
Val d'Oise 32 000 Pontoise
32%
Essonne 34 000 Palaiseau
24%
Yvelines 31 000 Plaisir
16%
Seine et Marne 38 000 Pontault-Combault
15%
La Réunion (La) 33 000 La Possession
13%
Val de Marne 34 000 Le Perreux-sur-Marne
5%
Aucun quiz correspondant
Distribution des résultats
% des personnes avec chaque résultat
Percentile par nombre de réponses
Votre historique - résultats
Vous n’avez pas pris ce quiz